Missing Word: Snoop Dogg Songs Quiz Stats

 Plays Quiz Updated Jun 24, 2018

Challenge
Share
Tweet
Embed
Score 0/16 Timer 03:00
0 Plays Today
Song Missing Word % Correct
Gin And _____Juice
87.2%
Young, Wild & _____Free
83.8%
_____ It Like It's HotDrop
83.7%
_____ & DownsUps
77.7%
_____ & RobinBatman
68.5%
Murder Was the _____Case
50.2%
The Way Life _____ to BeUsed
46.8%
Set It _____Off
41.3%
Song Missing Word % Correct
20 _____ to My NameDollars
37.2%
Ridin' In My _____Chevy
31.5%
Lay _____Low
30.4%
_____ Me LoveShow
28.9%
Y'all Gone _____ MeMiss
21.2%
Dogg _____ GangstaPound
18.5%
That's _____That
16.2%
_____ and HeartbreaksAshtrays
3.3%

Today's Daily Dose

Missing Word
Top 10 Artists

Word Ladder
'70s Song II

On This Day
October 20th II

You're not logged in!

Compare scores with friends on all Sporcle quizzes.
Join for Free
OR
Log In

You Might Also Like...

Show Comments

Extras

Top Quizzes Today


Score Distribution

Your Account Isn't Verified!

In order to create a playlist on Sporcle, you need to verify the email address you used during registration. Go to your Sporcle Settings to finish the process.

Report this User

Report this user for behavior that violates our Community Guidelines.

Details: